Aube ou Aude ? - Statistiques

Statistiques générales
  • Ce quiz a été pris 140 fois
  • Le résultat moyen est 30 sur 40
Statistiques - réponses
Hint Réponse % Correct
Ses sous-préfectures sont Nogent-sur-Seine et Bar-sur-Aube AUBE
98%
Il appartient à la région Grand Est AUBE
97%
A pour préfecture Troyes AUBE
94%
La Seine y coule AUBE
94%
On y mange du cassoulet AUDE
94%
A pour préfecture Carcassonne AUDE
92%
On y lit L'Est éclair AUBE
91%
On peut y faire la fête au carnaval de Limoux AUDE
89%
Il appartient à la région Occitanie AUDE
89%
Le festival Nuits de Champagne s'y déroule en octobre AUBE
88%
Il culmine à 2469 mètres AUDE
88%
Ses sous-préfectures sont Narbonne et Limoux AUDE
88%
Porte le numéro 10 AUBE
85%
Sa préfecture n'est pas la plus grande ville AUDE
84%
Porte le numéro 11 AUDE
84%
On peut s'y promener dans le parc de la forêt d'Orient AUBE
83%
C'est le département de l'abbaye de Clairvaux AUBE
82%
Olivia Ruiz y est née AUDE
76%
On peut y visiter le château de Queribus AUDE
75%
Le Minervois s'y trouve AUDE
75%
Le pays d'Othe s'y trouve AUBE
74%
En 2022, il a connu 2401 heures d'ensoleillement AUDE
74%
Chaque 14 juillet sa préfecture s'embrase AUDE
72%
On peut y visiter le musée Camille Claudel AUBE
70%
Le nageur Camille Lacourt y est né AUDE
70%
Ce département est le 1er producteur de chanvre AUBE
69%
Son blason porte une bande dorée en haut AUBE
69%
Au XIIIe siècle il a connu le catharisme AUDE
68%
Il culmine à 369 mètres AUBE
66%
C'est le département natal de Charles Trenet AUDE
65%
Compte 311 435 habitants en 2020 AUBE
63%
Compte 375 217 d'habitants en 2020 AUDE
63%
Les Tricasses et les Lingons l'habitaient vers - 400 AUBE
59%
Son blason porte une croix cléchée AUDE
59%
En 2022, il a connu 2263 heures d'ensoleillement AUBE
56%
Sa superficie est de 6139 km2 AUDE
56%
Le département compte 140000 ha de forêts AUBE
53%
Le festival Fête du Conte s'y déroule en juillet AUDE
43%
Sa superficie est de 6004 km2 AUBE
41%
S'y trouve le 2e port céréalier de France AUBE
39%
Aucun quiz correspondant
Distribution des résultats
% des personnes avec chaque résultat
Percentile par nombre de réponses
Votre historique - résultats
Vous n’avez pas pris ce quiz